| 000 | 00691nam a2200157 a 4500 | ||
|---|---|---|---|
| 001 | 000028963 | ||
| 005 | 20240229073823.0 | ||
| 008 | 110412s2002 dr r 000 0 spa d | ||
| 040 |
_aDO-SdBNP _bspa _cBNPHU |
||
| 082 |
_axxxx _bC748p |
||
| 111 | 2 |
_aConferencia del Poder Judicial: seguridad Jurídica y desarrollo Económico _n(3a. : _d2002, jun. 7 : _cSanto Domingo) _955899 |
|
| 245 | 1 | 0 |
_aPalabras del Dr. Jorge A. Subero Isa presidente de la Suprema Corte de Justicia en ocación "III Conferencia del Poder Judicial : _bseguridad jurídica y desarrollo económico". |
| 260 |
_aSanto Domingo : _b[s.n.], _c[2002?]. |
||
| 300 |
_a19 p. ; _c21 cm. |
||
| 700 | 1 | 2 |
_aSubero Isa, Jorge A., _d1947- _976863 |
| 999 |
_c28455 _d28455 |
||